000 00390nmm a2200145Ia 4500
008 251105s9999||||xx |||||||||||||||||und||
041 _aspa
100 _aDeveraux, Jude
245 0 _aAnhelos del corazón
264 _a[Madrid, España] :
_bEdiciones B,
_c2014
300 _a368 páginas
650 _aRomance
856 _uhttps://public.digitaliapublishing.com/a/53513
942 _cCF
999 _c104998
_d104998